000 00342nam a2200133Ia 4500
008 220217s9999||||xx |||||||||||||| ||und||
020 _a0-07-100443-2
082 _a621.381 GRO
100 _aGrob, Bernard
_93320
245 0 _aBasic electronics
260 _aTata Mcgraw hill
_bNew York
_c1984
300 _b556
650 _aELECTRONICS
999 _c171363
_d171363